Countries most dependent on mining exports - Statistics

General Stats
  • This quiz has been taken 60 times
  • The average score is 7 of 12
Answer Stats
% of exports
mining related
Main export Answer % Correct
77 Copper D. R. Congo
96%
92 Diamonds Botswana
85%
61 Diamond Namibia
73%
61 Copper Peru
69%
79 Copper Zambia
69%
84 Gold Burkina faso
56%
85 Gold Mali
56%
87 Gold Guinea
48%
66 Gold Mauritania
42%
64 Gold Guyana
35%
83 Gold Suriname
35%
62 Gold Kyrgyzstan
17%
No matching quizzes found
Score Distribution
Percent of People with Each Score
Percentile by Number Answered
Your Score History
You have not taken this quiz